000 00435nam a2200145Ia 4500
008 230411s9999 xx 000 0 und d
020 _a978-81-8450-193-3
041 _aeng
082 _aAD/610.6/GOE/B05895
100 _aGoel S L
_9111184
245 _aPolicies and Programmes of Health Care System and Hospital Administration
260 _bDeep & Deep Publications
_aNew Delhi
_c2010
300 _a336p
999 _c156361
_d156361